The study the prevalence of cysticosis in pigs, cattle, and buffaloes at slaughterhous daun keo district, takeo province, (ការសិក្សាពីកំរិតរាលដាលរបស់ជំងឺចុងអង្ករ លើសត្វជ្រូក គោ ក្របី នៅទីសត្តឃាដ ស្រុកដូនកែវ ខេត្តតាកែវ) (Record no. 1958)

000 -LEADER
fixed length control field 00764nam a22001577a 4500
003 - CONTROL NUMBER IDENTIFIER
control field OSt
005 - DATE AND TIME OF LATEST TRANSACTION
control field 20151005162317.0
008 - FIXED-LENGTH DATA ELEMENTS--GENERAL INFORMATION
fixed length control field 151005b xxu||||| |||| 00| 0 eng d
040 ## - CATALOGING SOURCE
Transcribing agency RUA
082 ## - DEWEY DECIMAL CLASSIFICATION NUMBER
Classification number AVM PHO 2005 B075 Or.1
100 ## - MAIN ENTRY--PERSONAL NAME
9 (RLIN) 2073
Personal name PHON PUTH BOREY
245 ## - TITLE STATEMENT
Title The study the prevalence of cysticosis in pigs, cattle, and buffaloes at slaughterhous daun keo district, takeo province, (ការសិក្សាពីកំរិតរាលដាលរបស់ជំងឺចុងអង្ករ លើសត្វជ្រូក គោ ក្របី នៅទីសត្តឃាដ ស្រុកដូនកែវ ខេត្តតាកែវ)
260 ## - PUBLICATION, DISTRIBUTION, ETC. (IMPRINT)
Place of publication, distribution, etc. phnom penh
Name of publisher, distributor, etc. RUA
Date of publication, distribution, etc. 2005
300 ## - PHYSICAL DESCRIPTION
Extent x, 32p.
Other physical details ill.
Dimensions 29cm.
942 ## - ADDED ENTRY ELEMENTS (KOHA)
Source of classification or shelving scheme
Koha item type AVM
Holdings
Price effective from Date last seen Permanent Location Not for loan Date acquired Source of classification or shelving scheme Koha item type Barcode Lost status Damaged status Withdrawn status Current Location Full call number
2015-10-052015-10-05Library Block B 2015-10-05 AVMRUA025968   Library Block BAVM PHO 2005 B075 Or.1
មជ្ឈមណ្ឌលឯការនៃសាកលវិទ្យាល័យភូមិន្ទកសិកម្មចំការដូង

Powered by Koha